000 00899nam a22002897a 4500
001 BR7908751
003 BR-BrBNA
005 20230928090407.0
007 ta
008 230509b bl.||||| |||| 00| 0 por d
040 _aBR-BrBNA
_bpor
_cBiblioteca Nacional de Agricultura
041 _a(Por)
072 _aH00
_b3871
090 _ 3871 BR7908751
100 1 _aGiusti, W.M.
110 1 _aEmpresa de Assistencia Tecnica e Extensao Rural de Santa Catarina, Florianopolis (Brasil);
_93993
110 1 _aAssociacao de Credito e Assistencia Rural do Estado de Santa Catarina, Florianopolis (Brasil)
_9468
245 1 _aDefensivos agricolas; uso correto
260 3 _aFlorianopolis, SC (Brasil):
_c1979.
300 _a23 p.
650 _aDEFESA VEGETAL
650 _aDEFENSIVO
650 _aPULVERIZACAO
650 _aSANTA CATARINA
909 _a202309
_bLucia
_c55
_dLucia Elande
942 _cBK
999 _c28684
_d28684